The complete guide to electronic games /

Bibliographic Details
Main Author: Blumenthal, Howard J.
Format: Book
Language:English
Published: New York : New American Library, 1981.
Series:A Plume book
Subjects:

MARC

Tag First Indicator Second Indicator Subfields
LEADER 00000pam a2200000 a 4500
001 in00000080918
005 20151008055333.0
008 810107s1981 nyua 00010 engm
010 |a  81000055  
020 |a 0452252687 (pbk.) :  |c $6.95 ($7.95 Can) 
035 |a (OCoLC)07197291 
035 |9 AAJ3193AM 
039 0 |a 2  |b 3  |c 3  |d 3  |e 3 
040 |a DLC  |c DLC  |d m.c.  |d TXA  |d UtOrBLW 
049 |a TXAM  |c [1387465] 
050 0 0 |a GV1469.2  |b .B57 
082 0 |a 794  |2 19 
100 1 |a Blumenthal, Howard J. 
245 1 4 |a The complete guide to electronic games /  |c by Howard J. Blumenthal. 
264 1 |a New York :  |b New American Library,  |c 1981. 
300 |a x, 309 pages :  |b illustrations ;  |c 24 cm. 
336 |a text  |b txt  |2 rdacontent 
337 |a unmediated  |b n  |2 rdamedia 
338 |a volume  |b nc  |2 rdacarrier 
490 0 |a A Plume book 
650 0 |a Electronic games. 
999 |a MARS 
999 f f |s b4d8a055-2cdc-3365-ab25-6bbbc0928761  |i ab755f10-3642-3fdd-9f26-1d3e69af44a1  |t 0 
952 f f |p ric  |a Texas A&M University  |b Rellis Campus  |c Joint Library Facility  |d Remote Storage  |t 0  |e GV1469.2 .B57  |h Library of Congress classification  |i unmediated -- volume  |m A14806117470 
998 f f |a GV1469.2 .B57  |t 0  |l Remote Storage